| 000 | 00827nam a22002657a 4500 | ||
|---|---|---|---|
| 003 | DO-SdBNP | ||
| 005 | 20180125144235.0 | ||
| 008 | 830825k 1978 mx 000 f spa d | ||
| 040 |
_aBPMSU _bspa _cBPMSU |
||
| 092 |
_a863.3 _bC419d, 1978 |
||
| 100 | 1 |
_aCervantes Saavedra, Miguel de, _d1547-1616. |
|
| 245 | 1 | 3 |
_aEl ingenioso hidalgo don Quijote de la Mancha / _cMiguel de Cervantes Saavedra ; ilustración Gustavo Doré |
| 250 | _a15a ed. | ||
| 260 |
_aMéxico : _bCumbre, _c1978. |
||
| 300 |
_av. : _bil. ; _c21 cm. |
||
| 490 | 1 | _aGrolier | |
| 500 | _aLa biblioteca posee el volumen 2 | ||
| 650 | 4 | _aNOVELA ESPAÑOLA | |
| 650 | 4 | _aLITERATURA ESPAÑOLA | |
| 700 | 1 |
_aDoré, Gustavo, _eil. |
|
| 830 | 0 | _aGrolier | |
| 942 |
_2ddc _cBK |
||
| 945 | _aInventariado, 2018 / BT | ||
| 956 |
_aBTAVAREZ _b10 _d20180125 _fBPMSU _h0038 |
||
| 999 |
_c9157 _d9157 |
||